[Event "25. Copenhagen Open  (Politiken Cup)"]
[Site "Copenhagen"]
[Date "2003.07.19"]
[Round "6"]
[White "Lisdorf, Bjorn"]
[Black "Skovgaard, Peter Nicolai"]
[Result "0-1"]
[WhiteElo "1398"]
[BlackElo "2038"]
[PlyCount "108"]
[EventDate "2003.07.14"]
[EventType "swiss"]
[EventRounds "11"]
[EventCountry "DEN"]
[SourceDate "2004.01.01"]

1. e4 c5 2. d4 cxd4 3. c3 d3 4. Bxd3 Nc6 5. Nf3 d6 6. O-O Nf6 7. Be3 e6 8. b4
a6 9. a4 Ng4 10. Bf4 Nxb4 11. cxb4 Qf6 12. Bd2 Qxa1 13. Bc3 Qa2 14. h3 Ne5 15.
Nxe5 dxe5 16. Bxe5 Bxb4 17. Bxg7 Rg8 18. Bf6 Bd7 19. e5 Bc6 20. g4 Qd5 21. f3
Bc5+ 22. Kh2 Bd4 23. Qe2 Bxa4 24. Re1 Bb5 25. Kg2 Rg6 26. Na3 Bxd3 27. Qxd3 Bc5
28. Qxd5 exd5 29. Nc2 Kd7 30. Ne3 d4 31. Nf5 Kc6 32. Rc1 Kd5 33. f4 a5 34. Kf3
a4 35. Be7 Bb6 36. Nd6 Bd8 37. Bxd8 Rxd8 38. Nxb7 Rgg8 39. Rc5+ Ke6 40. f5+ Kd7
41. Nxd8 Rxd8 42. f6 Ke6 43. Ke4 d3 44. Rc6+ Kd7 45. Rd6+ Ke8 46. Kxd3 Rxd6+
47. exd6 Kd7 48. g5 Kxd6 49. h4 Ke6 50. h5 Kf5 51. g6 hxg6 52. h6 Kxf6 53. h7
Kg7 54. h8=Q+ Kxh8 0-1

[Event "25. Copenhagen Open  (Politiken Cup)"]
[Site "Copenhagen"]
[Date "2003.07.19"]
[Round "6"]
[White "Lund, Silas"]
[Black "Nielsen, Borge Hjerrild"]
[Result "0-1"]
[WhiteElo "2283"]
[BlackElo "2134"]
[PlyCount "82"]
[EventDate "2003.07.14"]
[EventType "swiss"]
[EventRounds "11"]
[EventCountry "DEN"]
[SourceDate "2004.01.01"]

1. d4 d5 2. c4 e6 3. Nf3 Nf6 4. Bg5 Be7 5. e3 O-O 6. Nc3 Nbd7 7. cxd5 exd5 8.
Qc2 c6 9. Bd3 a5 10. O-O Re8 11. h3 Nf8 12. Ne5 N6d7 13. Bxe7 Qxe7 14. Nf3 Nf6
15. a3 Ne4 16. Bxe4 dxe4 17. Nd2 f5 18. Rae1 Nd7 19. f3 exf3 20. Nxf3 Nf6 21.
Ne5 Be6 22. Na4 g6 23. Rc1 Ne4 24. Nc5 Nxc5 25. Qxc5 Bd5 26. Qxe7 Rxe7 27. Kh2
a4 28. g4 fxg4 29. hxg4 Ra5 30. g5 Rb5 31. Rf2 Kg7 32. Kg3 h5 33. gxh6+ Kxh6
34. Kf4 Kg7 35. e4 Bf7 36. Rc5 Rxc5 37. dxc5 g5+ 38. Kf5 Bg6+ 39. Nxg6 Rf7+ 40.
Kxg5 Rxf2 41. Nf4 Rxb2 0-1

[Event "25. Copenhagen Open  (Politiken Cup)"]
[Site "Copenhagen"]
[Date "2003.07.19"]
[Round "6"]
[White "Lonborg, Morten"]
[Black "Hjelm, Niclas"]
[Result "0-1"]
[WhiteElo "2185"]
[BlackElo "2331"]
[PlyCount "82"]
[EventDate "2003.07.14"]
[EventType "swiss"]
[EventRounds "11"]
[EventCountry "DEN"]
[SourceDate "2004.01.01"]

1. d4 Nf6 2. c4 e6 3. Nf3 b6 4. g3 Ba6 5. b3 b5 6. cxb5 Bxb5 7. Bg2 d5 8. Qc2
Bd6 9. h3 O-O 10. O-O Nbd7 11. Nc3 Ba6 12. Na4 Qe7 13. Be3 Ne4 14. Rfd1 Rac8
15. Ne5 Nxe5 16. dxe5 Bxe5 17. Rac1 f5 18. Bxa7 Bb5 19. Nc5 Bd6 20. e3 Ra8 21.
Nxe4 fxe4 22. Bc5 Bd3 23. Bxd6 Qxd6 24. Qb2 c5 25. Bf1 Bxf1 26. Rxf1 d4 27. Qd2
Rf3 28. Rc4 Raf8 29. b4 Qa6 30. Qc2 dxe3 31. Qxe4 Rxf2 32. Rxf2 exf2+ 33. Kf1
cxb4 34. Qe2 Qd6 35. Rf4 Rxf4 36. gxf4 Qxf4 37. Qxe6+ Qf7 38. Qc8+ Qf8 39.
Qxf8+ Kxf8 40. Kxf2 g5 41. Kf3 Kf7 0-1

[Event "25. Copenhagen Open  (Politiken Cup)"]
[Site "Copenhagen"]
[Date "2003.07.19"]
[Round "6"]
[White "Madsen, Gert Medom"]
[Black "Kristjansson, Atli Freyr"]
[Result "1/2-1/2"]
[WhiteElo "1734"]
[BlackElo "1560"]
[PlyCount "53"]
[EventDate "2003.07.14"]
[EventType "swiss"]
[EventRounds "11"]
[EventCountry "DEN"]
[SourceDate "2004.01.01"]

1. d4 d5 2. c4 c6 3. cxd5 cxd5 4. Nc3 Nf6 5. Bf4 Nc6 6. e3 Bf5 7. a3 a6 8. Nf3
e6 9. Be2 Bd6 10. Bg3 O-O 11. Nh4 Bg6 12. Nxg6 fxg6 13. Bh4 Be7 14. Bxf6 Bxf6
15. Rc1 Rc8 16. Bg4 Qe7 17. O-O b5 18. b4 Qd6 19. Qd3 Nb8 20. e4 Bg5 21. Rc2
Rc4 22. exd5 exd5 23. Bf3 Kh8 24. Re1 Nc6 25. Bxd5 Rxd4 26. Qh3 Rxd5 27. Nxd5
1/2-1/2

[Event "25. Copenhagen Open  (Politiken Cup)"]
[Site "Copenhagen"]
[Date "2003.07.19"]
[Round "6"]
[White "Marder, Simon"]
[Black "Lappage, Jonathan"]
[Result "0-1"]
[WhiteElo "2067"]
[BlackElo "2208"]
[PlyCount "62"]
[EventDate "2003.07.14"]
[EventType "swiss"]
[EventRounds "11"]
[EventCountry "DEN"]
[SourceDate "2004.01.01"]

1. Nc3 c5 2. Nf3 Nf6 3. e4 d6 4. Bc4 e6 5. d3 Be7 6. Bf4 Nc6 7. h3 O-O 8. Bb3
d5 9. e5 Nd7 10. Nb1 b5 11. c3 Nb6 12. d4 c4 13. Bc2 b4 14. Nbd2 a5 15. h4 f5
16. exf6 Bxf6 17. Bxh7+ Kxh7 18. Ng5+ Bxg5 19. hxg5+ Kg8 20. Qh5 Rxf4 21. O-O-O
Kf8 22. Qg6 Ke7 23. Rh7 Rf7 24. Nf3 bxc3 25. Qc2 Nb4 26. Qg6 cxb2+ 27. Kxb2 c3+
28. Ka1 c2 29. Rc1 Qc7 30. Qxf7+ Kxf7 31. Ne5+ Kg8 0-1

[Event "25. Copenhagen Open  (Politiken Cup)"]
[Site "Copenhagen"]
[Date "2003.07.19"]
[Round "6"]
[White "Matthiesen, Martin"]
[Black "Michelakis, George"]
[Result "1/2-1/2"]
[WhiteElo "2260"]
[BlackElo "2405"]
[PlyCount "57"]
[EventDate "2003.07.14"]
[EventType "swiss"]
[EventRounds "11"]
[EventCountry "DEN"]
[SourceDate "2004.01.01"]

1. e4 c5 2. Nf3 Nc6 3. d4 cxd4 4. Nxd4 Nf6 5. Nc3 e5 6. Ndb5 d6 7. Bg5 a6 8.
Na3 b5 9. Nd5 Be7 10. Bxf6 Bxf6 11. c3 Bb7 12. Nc2 O-O 13. a4 bxa4 14. Rxa4 a5
15. Bc4 Nb8 16. O-O Nd7 17. Ra3 Bg5 18. Nce3 Nc5 19. Qg4 Bxe3 20. fxe3 Nd7 21.
Rf3 Bxd5 22. Bxd5 Rb8 23. Rb3 Rxb3 24. Bxb3 Nf6 25. Qg5 Kh8 26. Rg3 g6 27. Qh4
Kg7 28. Rf3 Qe7 29. Bc4 1/2-1/2

[Event "25. Copenhagen Open  (Politiken Cup)"]
[Site "Copenhagen"]
[Date "2003.07.19"]
[Round "6"]
[White "McShane, Rod"]
[Black "Duijker, Bert"]
[Result "1/2-1/2"]
[WhiteElo "1500"]
[BlackElo "2018"]
[PlyCount "67"]
[EventDate "2003.07.14"]
[EventType "swiss"]
[EventRounds "11"]
[EventCountry "DEN"]
[SourceDate "2004.01.01"]

1. e4 g6 2. g3 Bg7 3. Bg2 d6 4. Ne2 c5 5. Nbc3 Nc6 6. O-O Nf6 7. d3 O-O 8. b3
Rb8 9. Bb2 b5 10. Qd2 Bd7 11. Nd5 e6 12. Nxf6+ Bxf6 13. Bxf6 Qxf6 14. f4 Qg7
15. c3 b4 16. Rac1 Rfd8 17. Qe1 bxc3 18. Nxc3 Nb4 19. Qe2 Bb5 20. Nxb5 Rxb5 21.
Kh1 Nc6 22. Qd2 Nd4 23. Qb2 a5 24. Rc4 d5 25. exd5 exd5 26. Rcc1 a4 27. Rfe1 h5
28. Re5 Nc6 29. Re2 axb3 30. Qxg7+ Kxg7 31. axb3 Nd4 32. Re5 Rxb3 33. Rxd5 Rxd5
34. Bxd5 1/2-1/2

[Event "25. Copenhagen Open  (Politiken Cup)"]
[Site "Copenhagen"]
[Date "2003.07.19"]
[Round "6"]
[White "Mortensen, Erling"]
[Black "Jussupow, Artur"]
[Result "1/2-1/2"]
[WhiteElo "2445"]
[BlackElo "2583"]
[PlyCount "47"]
[EventDate "2003.07.14"]
[EventType "swiss"]
[EventRounds "11"]
[EventCountry "DEN"]
[SourceDate "2004.01.01"]

1. e4 e5 2. Nf3 Nc6 3. Bb5 g6 4. c3 a6 5. Ba4 d6 6. d4 Bd7 7. d5 Nb8 8. c4 Bg7
9. Nc3 Ne7 10. h4 h5 11. Be3 O-O 12. Nd2 Bxa4 13. Nxa4 b5 14. Nc3 c6 15. Bg5 f6
16. Be3 b4 17. Na4 c5 18. b3 Nd7 19. Nb2 a5 20. a4 f5 21. Bg5 Nf6 22. f3 fxe4
23. fxe4 Ng4 24. Nf3 1/2-1/2

[Event "25. Copenhagen Open  (Politiken Cup)"]
[Site "Copenhagen"]
[Date "2003.07.19"]
[Round "6"]
[White "Naes, Flovin Tor"]
[Black "Kallio, Heikki"]
[Result "0-1"]
[WhiteElo "2330"]
[BlackElo "2471"]
[PlyCount "50"]
[EventDate "2003.07.14"]
[EventType "swiss"]
[EventRounds "11"]
[EventCountry "DEN"]
[SourceDate "2004.01.01"]

1. d4 d5 2. c4 dxc4 3. Nf3 Nf6 4. e3 e6 5. Bxc4 a6 6. O-O c5 7. Qe2 Nc6 8. Rd1
Qc7 9. Nc3 b5 10. d5 Nb4 11. d6 Qb8 12. Nxb5 axb5 13. Bxb5+ Bd7 14. Bxd7+ Nxd7
15. e4 e5 16. Nh4 g6 17. Bg5 Nc6 18. b4 Nd4 19. Qc4 Qxd6 20. Rac1 Qe6 21. Qd3
Rxa2 22. bxc5 Bxc5 23. Nf5 gxf5 24. exf5 Qd5 25. Rb1 f6 0-1

[Event "25. Copenhagen Open  (Politiken Cup)"]
[Site "Copenhagen"]
[Date "2003.07.19"]
[Round "6"]
[White "Nielsen, Erik"]
[Black "Eiholt, Bjarne"]
[Result "1-0"]
[WhiteElo "1389"]
[BlackElo "1690"]
[PlyCount "75"]
[EventDate "2003.07.14"]
[EventType "swiss"]
[EventRounds "11"]
[EventCountry "DEN"]
[SourceDate "2004.01.01"]

1. f4 e5 2. fxe5 d6 3. exd6 Bxd6 4. Nf3 Nf6 5. d3 Ng4 6. Bg5 f6 7. Bh4 g5 8.
Bf2 Nxf2 9. Kxf2 c6 10. e3 Qc7 11. Nbd2 g4 12. Nd4 h5 13. g3 h4 14. Bg2 hxg3+
15. hxg3 Bxg3+ 16. Ke2 Bh4 17. Qf1 Qg7 18. Nf5 Bxf5 19. Qxf5 Nd7 20. Qe6+ Kd8
21. Raf1 Kc7 22. Rf4 Bg5 23. Rxh8 Qxh8 24. Rxg4 Re8 25. Qf5 Rxe3+ 26. Kd1 Re5
27. Qf2 Ra5 28. a3 Ne5 29. Re4 Qg8 30. Nb3 Rd5 31. Rb4 Nxd3 32. Qg3+ Nf4+ 33.
Bxd5 Qxd5+ 34. Rd4 Qh1+ 35. Kd2 Qh5 36. Rxf4 Qh6 37. Ke3 Qh1 38. Kf2 1-0

[Event "25. Copenhagen Open  (Politiken Cup)"]
[Site "Copenhagen"]
[Date "2003.07.19"]
[Round "6"]
[White "Nielsen, Jens Holm"]
[Black "Christensen, Henrik"]
[Result "1-0"]
[WhiteElo "2102"]
[BlackElo "1802"]
[PlyCount "83"]
[EventDate "2003.07.14"]
[EventType "swiss"]
[EventRounds "11"]
[EventCountry "DEN"]
[SourceDate "2004.01.01"]

1. Nc3 d5 2. Nf3 Nf6 3. d4 e6 4. Bg5 Bb4 5. a3 Bxc3+ 6. bxc3 c5 7. Bxf6 Qxf6 8.
e3 O-O 9. Be2 Bd7 10. Ne5 Bc6 11. O-O Nd7 12. f4 Qe7 13. Qe1 Nf6 14. Qh4 Rfe8
15. Bf3 Ba4 16. Rf2 cxd4 17. cxd4 Rac8 18. g4 Bxc2 19. Rg2 Rc7 20. g5 Ne4 21.
Ng4 Kh8 22. Qe1 Rec8 23. h4 Nd6 24. h5 Be4 25. Bxe4 Nxe4 26. Ne5 Rc3 27. g6 f6
28. Nf7+ Kg8 29. h6 gxh6 30. Nxh6+ Kg7 31. gxh7+ Kh8 32. Rg8+ Kxh7 33. Rxc8
Rxc8 34. Ng4 f5 35. Ne5 Qg7+ 36. Kf1 Ng3+ 37. Kf2 Rc2+ 38. Kf3 Ne4 39. Qh4+ Kg8
40. Qd8+ Qf8 41. Rg1+ Kh7 42. Qd7+ 1-0

[Event "25. Copenhagen Open  (Politiken Cup)"]
[Site "Copenhagen"]
[Date "2003.07.19"]
[Round "6"]
[White "Nielsen, Poul Bang"]
[Black "Brondum, Jan Kraul"]
[Result "1/2-1/2"]
[WhiteElo "1100"]
[BlackElo "1569"]
[PlyCount "60"]
[EventDate "2003.07.14"]
[EventType "swiss"]
[EventRounds "11"]
[EventCountry "DEN"]
[SourceDate "2004.01.01"]

1. e4 e5 2. Nf3 d6 3. Bc4 Nf6 4. Nc3 Bg4 5. d3 Nbd7 6. Be3 g6 7. h3 Be6 8. Bxe6
fxe6 9. Ng5 Qe7 10. Nb5 Nc5 11. Bxc5 dxc5 12. Nxe6 Rc8 13. Nxf8 Kxf8 14. Nxa7
Rd8 15. Nb5 Kg7 16. Nc3 c4 17. Qe2 cxd3 18. cxd3 Qb4 19. O-O Rd4 20. f4 Qc5 21.
Kh1 Nh5 22. Qf3 Nxf4 23. Rad1 Rf8 24. Qe3 Rfd8 25. g3 Ne6 26. Qe2 h5 27. h4 c6
28. Rf3 R4d7 29. Qf1 Qe7 30. Ne2 Nc5 1/2-1/2

[Event "25. Copenhagen Open  (Politiken Cup)"]
[Site "Copenhagen"]
[Date "2003.07.19"]
[Round "6"]
[White "Nielsen, Thomas"]
[Black "Royset, Paal"]
[Result "1/2-1/2"]
[WhiteElo "2028"]
[BlackElo "2252"]
[PlyCount "49"]
[EventDate "2003.07.14"]
[EventType "swiss"]
[EventRounds "11"]
[EventCountry "DEN"]
[SourceDate "2004.01.01"]

1. d4 Nf6 2. c4 e6 3. Nc3 d5 4. Nf3 Be7 5. e3 O-O 6. Qc2 c5 7. cxd5 exd5 8. g3
Nc6 9. Bg2 Bg4 10. dxc5 Bxc5 11. O-O Rc8 12. Bd2 a6 13. Qa4 Re8 14. h3 Bh5 15.
Rfe1 Qd7 16. Rad1 Re6 17. g4 Bg6 18. Ne2 Be4 19. Ng5 b5 20. Qb3 Bxg2 21. Kxg2
Re5 22. Nf3 Re4 23. Bc3 Rd8 24. Bxf6 gxf6 25. Nf4 1/2-1/2

[Event "25. Copenhagen Open  (Politiken Cup)"]
[Site "Copenhagen"]
[Date "2003.07.19"]
[Round "6"]
[White "Nilssen, John Arni"]
[Black "Grubert, Christian"]
[Result "1-0"]
[WhiteElo "2382"]
[BlackElo "2168"]
[PlyCount "54"]
[EventDate "2003.07.14"]
[EventType "swiss"]
[EventRounds "11"]
[EventCountry "DEN"]
[SourceDate "2004.01.01"]

1. e4 c5 2. Nf3 g6 3. c4 Bg7 4. d4 cxd4 5. Nxd4 Nc6 6. Nc2 Nf6 7. Nc3 O-O 8.
Be2 Qa5 9. O-O d6 10. Rb1 Bd7 11. b4 Qd8 12. f4 Rc8 13. Kh1 a6 14. Bb2 Na7 15.
Qd4 b6 16. Nd5 Rc6 17. Nce3 e5 18. fxe5 Nxd5 19. cxd5 dxe5 20. Qd3 Rd6 21. Qxa6
Qb8 22. b5 Rc8 23. Qa4 Rc5 24. Ba3 Qc7 25. Bxc5 Qxc5 26. Nc4 Bxb5 27. Qxa7 Bxc4
1-0

[Event "25. Copenhagen Open  (Politiken Cup)"]
[Site "Copenhagen"]
[Date "2003.07.19"]
[Round "6"]
[White "Nordenbaek, Jan"]
[Black "Nielsen, Jan Mose"]
[Result "1-0"]
[WhiteElo "2254"]
[BlackElo "2111"]
[PlyCount "91"]
[EventDate "2003.07.14"]
[EventType "swiss"]
[EventRounds "11"]
[EventCountry "DEN"]
[SourceDate "2004.01.01"]

1. e4 c5 2. Nf3 Nc6 3. Bb5 e6 4. O-O Nge7 5. Re1 a6 6. Bf1 d5 7. d3 b6 8. exd5
Nxd5 9. Bg5 Be7 10. Bxe7 Ncxe7 11. d4 cxd4 12. Nxd4 O-O 13. c4 Nf6 14. Nc3 Bb7
15. Nb3 Qc7 16. Qe2 Rfd8 17. Rad1 Nf5 18. Rxd8+ Rxd8 19. Rd1 Rxd1 20. Qxd1 h5
21. h3 Nh4 22. Qd4 Nf5 23. Qd2 Qc6 24. Qd8+ Kh7 25. Nd4 Qd6 26. Qxd6 Nxd6 27.
b4 Nd7 28. Nb3 Kg8 29. a4 Kf8 30. a5 Nc8 31. axb6 Ncxb6 32. Na5 Bc8 33. Be2 Ne5
34. g3 h4 35. Kf1 Ke7 36. gxh4 Ng6 37. c5 Na8 38. Nc6+ Kd7 39. Nb8+ Kd8 40.
Nxa6 Nf4 41. Bc4 Nxh3 42. Ne4 Nf4 43. Nd6 Bxa6 44. Bxa6 Nd5 45. Bb7 Nac7 46. b5
1-0

[Event "25. Copenhagen Open  (Politiken Cup)"]
[Site "Copenhagen"]
[Date "2003.07.19"]
[Round "6"]
[White "Nordfjord, Sverrir"]
[Black "Abrahamsson, Daniel"]
[Result "1-0"]
[WhiteElo "2057"]
[BlackElo "1671"]
[PlyCount "55"]
[EventDate "2003.07.14"]
[EventType "swiss"]
[EventRounds "11"]
[EventCountry "DEN"]
[SourceDate "2004.01.01"]

1. e4 c5 2. d4 cxd4 3. c3 dxc3 4. Nxc3 Nc6 5. Nf3 e6 6. Bc4 a6 7. O-O Bc5 8. a3
Nge7 9. Qe2 Ng6 10. Rd1 O-O 11. Bg5 f6 12. Bxe6+ Kh8 13. Be3 Bxe3 14. Qxe3 Qe7
15. Bf5 Nge5 16. Nd5 Qf7 17. Nb6 Rb8 18. Rac1 g6 19. Nxe5 Nxe5 20. Bh3 h5 21.
Rc7 Rd8 22. f4 Ng4 23. Bxg4 hxg4 24. Rdc1 Qe8 25. Qc3 Qe6 26. Nxc8 d5 27. exd5
Rxd5 28. Re1 1-0

[Event "25. Copenhagen Open  (Politiken Cup)"]
[Site "Copenhagen"]
[Date "2003.07.19"]
[Round "6"]
[White "Norton, Craig"]
[Black "Larsen, Karsten"]
[Result "0-1"]
[WhiteElo "2127"]
[BlackElo "2282"]
[PlyCount "82"]
[EventDate "2003.07.14"]
[EventType "swiss"]
[EventRounds "11"]
[EventCountry "DEN"]
[SourceDate "2004.01.01"]

1. Nf3 Nf6 2. d4 g6 3. Nc3 d5 4. Bf4 Bg7 5. e3 O-O 6. Be2 c5 7. Ne5 Nc6 8. O-O
cxd4 9. exd4 Bf5 10. Qd2 Rc8 11. a3 a6 12. Rad1 b5 13. Nxc6 Rxc6 14. Be5 Qd7
15. Rfe1 Rfc8 16. f3 Ne8 17. Bxg7 Kxg7 18. g4 Be6 19. h4 Nd6 20. Qf4 Qc7 21.
Qe5+ Kg8 22. h5 Nc4 23. Bxc4 Rxc4 24. hxg6 hxg6 25. Rd2 Qxe5 26. Rxe5 R8c6 27.
g5 f6 28. gxf6 exf6 29. Re3 Kf7 30. Kg2 g5 31. Kg3 Rd6 32. Re1 Bf5 33. Na2 Bxc2
34. Nb4 Bf5 35. Rde2 Be6 36. Rc2 a5 37. Rxc4 dxc4 38. d5 axb4 39. dxe6+ Rxe6
40. Rb1 bxa3 41. bxa3 Re5 0-1

[Event "25. Copenhagen Open  (Politiken Cup)"]
[Site "Copenhagen"]
[Date "2003.07.19"]
[Round "6"]
[White "Nyback, Tomi"]
[Black "Andersson, Christin"]
[Result "1-0"]
[WhiteElo "2483"]
[BlackElo "2149"]
[PlyCount "51"]
[EventDate "2003.07.14"]
[EventType "swiss"]
[EventRounds "11"]
[EventCountry "DEN"]
[SourceDate "2004.01.01"]

1. Nf3 d5 2. d4 c6 3. c4 dxc4 4. a4 Nf6 5. Nc3 g6 6. e4 Bg7 7. Bxc4 O-O 8. h3
c5 9. d5 b6 10. e5 Ne8 11. O-O Bb7 12. Re1 f6 13. d6+ Kh8 14. dxe7 Qxe7 15. Nd5
Qd8 16. e6 Nc6 17. e7 Nxe7 18. Nxe7 Nd6 19. Bd5 Re8 20. Bxb7 Nxb7 21. Bf4 f5
22. Ng5 Rf8 23. Qf3 Na5 24. Qg3 Rf6 25. Nxh7 Rf7 26. Qh4 1-0

[Event "25. Copenhagen Open  (Politiken Cup)"]
[Site "Copenhagen"]
[Date "2003.07.19"]
[Round "6"]
[White "Nyysti, Sampsa"]
[Black "Lahlum, Hans Olav"]
[Result "1-0"]
[WhiteElo "2399"]
[BlackElo "2202"]
[PlyCount "73"]
[EventDate "2003.07.14"]
[EventType "swiss"]
[EventRounds "11"]
[EventCountry "DEN"]
[SourceDate "2004.01.01"]

1. e4 e6 2. d4 d5 3. Nc3 Bb4 4. e5 c5 5. a3 Bxc3+ 6. bxc3 Qc7 7. Qg4 f5 8. Qg3
cxd4 9. cxd4 Ne7 10. Bd2 O-O 11. Bd3 b6 12. Ne2 Ba6 13. Nf4 Qd7 14. h4 Bxd3 15.
Qxd3 Rc8 16. Rh3 Rc4 17. Rg3 Nbc6 18. c3 Rf8 19. Kf1 Na5 20. Qb1 Kh8 21. Kg1
Rc6 22. Qd1 Nc4 23. Bc1 Na5 24. Ra2 Rfc8 25. Rc2 Nb3 26. Nh5 Ng6 27. Bg5 Rc4
28. Nf6 Qf7 29. Qh5 gxf6 30. Bxf6+ Kg8 31. Qh6 R8c7 32. h5 Qf8 33. Qg5 Nxd4 34.
hxg6 h6 35. Rh3 Nxc2 36. Rxh6 Rg7 37. Qh5 1-0

[Event "25. Copenhagen Open  (Politiken Cup)"]
[Site "Copenhagen"]
[Date "2003.07.19"]
[Round "6"]
[White "Olsen, Miriam Frida"]
[Black "Pedersen, Audun"]
[Result "0-1"]
[WhiteElo "2036"]
[BlackElo "1536"]
[PlyCount "50"]
[EventDate "2003.07.14"]
[EventType "swiss"]
[EventRounds "11"]
[EventCountry "DEN"]
[SourceDate "2004.01.01"]

1. e4 e6 2. d4 d5 3. Nd2 Nf6 4. e5 Nfd7 5. Bd3 c5 6. c3 Nc6 7. Ne2 cxd4 8. cxd4
Qb6 9. Nf3 f6 10. exf6 Nxf6 11. O-O Bd6 12. Bf4 Bxf4 13. Nxf4 O-O 14. Re1 Qxb2
15. Nxe6 Bxe6 16. Rxe6 Kh8 17. Re2 Qb6 18. Rb1 Qc7 19. Reb2 Rab8 20. Qc1 Ng4
21. Be2 Rxf3 22. Bxf3 Qxh2+ 23. Kf1 Nxd4 24. g3 Nxf3 25. Qc5 Re8 0-1

[Event "25. Copenhagen Open  (Politiken Cup)"]
[Site "Copenhagen"]
[Date "2003.07.19"]
[Round "6"]
[White "Olsson, Linus"]
[Black "Hansen, Rene Rauer"]
[Result "1-0"]
[WhiteElo "2244"]
[BlackElo "2055"]
[PlyCount "67"]
[EventDate "2003.07.14"]
[EventType "swiss"]
[EventRounds "11"]
[EventCountry "DEN"]
[SourceDate "2004.01.01"]

1. d4 Nf6 2. c4 g6 3. Nc3 Bg7 4. e4 d6 5. Nf3 O-O 6. Be2 e5 7. O-O Nc6 8. d5
Ne7 9. Ne1 Nd7 10. Be3 f5 11. f3 f4 12. Bf2 g5 13. a4 Rf6 14. Nd3 Rg6 15. Nb5
Nf6 16. Nxa7 Bd7 17. c5 g4 18. cxd6 cxd6 19. a5 g3 20. Bb6 Qb8 21. Qb3 Rxa7 22.
Bxa7 Qxa7+ 23. Qb6 Qxb6+ 24. axb6 Nfxd5 25. exd5 Nxd5 26. Rfc1 e4 27. fxe4 Bd4+
28. Kh1 Rh6 29. h3 Nf6 30. Rc7 Bxb6 31. Rxb7 Bc6 32. Ra8+ Ne8 33. Rxe8+ Bxe8
34. Rxb6 1-0

[Event "25. Copenhagen Open  (Politiken Cup)"]
[Site "Copenhagen"]
[Date "2003.07.19"]
[Round "6"]
[White "Pallesen, Jacob"]
[Black "Baark, Mathias"]
[Result "1-0"]
[WhiteElo "2056"]
[BlackElo "1800"]
[PlyCount "115"]
[EventDate "2003.07.14"]
[EventType "swiss"]
[EventRounds "11"]
[EventCountry "DEN"]
[SourceDate "2004.01.01"]

1. e4 d5 2. Nc3 d4 3. Nce2 e5 4. d3 c5 5. g3 g6 6. Bg2 Bg7 7. f4 Nc6 8. Nf3 Bg4
9. O-O Nge7 10. Bd2 O-O 11. h3 Bxf3 12. Bxf3 f5 13. exf5 Nxf5 14. Bxc6 bxc6 15.
b3 Qd7 16. Rb1 Rae8 17. g4 Ne7 18. Ng3 exf4 19. Rxf4 Nd5 20. Rxf8+ Bxf8 21. Ne4
Qg7 22. Qf3 Be7 23. Rf1 Rf8 24. Qg3 Rxf1+ 25. Kxf1 Qf7+ 26. Qf2 Nb4 27. Qxf7+
Kxf7 28. Bxb4 cxb4 29. Kg2 Ke6 30. Kf3 Ke5 31. Nd2 Bd6 32. Nc4+ Kd5 33. g5 Be7
34. Kg4 Bd8 35. h4 Be7 36. Nd2 Ke5 37. Nf3+ Ke6 38. Nxd4+ Kd5 39. Nf3 Bc5 40.
h5 Be3 41. hxg6 hxg6 42. Nh4 Kd4 43. Nxg6 Kc3 44. Ne5 c5 45. g6 Bh6 46. Nd7
Kxc2 47. Nxc5 Bg7 48. Ne6 Bh8 49. d4 Kb2 50. g7 Bxg7 51. Nxg7 Kxa2 52. d5 Kxb3
53. d6 a5 54. d7 a4 55. d8=Q a3 56. Ne6 a2 57. Qd4 Kc2 58. Qa1 1-0

[Event "25. Copenhagen Open  (Politiken Cup)"]
[Site "Copenhagen"]
[Date "2003.07.19"]
[Round "6"]
[White "Pedersen, Bent O"]
[Black "Christoffersen, Ebbe"]
[Result "1/2-1/2"]
[WhiteElo "2058"]
[BlackElo "1737"]
[PlyCount "45"]
[EventDate "2003.07.14"]
[EventType "swiss"]
[EventRounds "11"]
[EventCountry "DEN"]
[SourceDate "2004.01.01"]

1. e4 d5 2. exd5 Qxd5 3. d4 e5 4. Nc3 Qxd4 5. Qxd4 exd4 6. Nb5 Kd8 7. Nxd4 c5
8. Nb5 a6 9. Nc3 Bf5 10. Bg5+ f6 11. O-O-O+ Nd7 12. Bf4 Ne7 13. Nf3 g5 14. Bd6
Nc8 15. Bg3 Ncb6 16. Bd3 Bxd3 17. Rxd3 c4 18. Rdd1 Ke8 19. Rhe1+ Kf7 20. Nd4
Re8 21. Nf5 Rxe1 22. Rxe1 Bb4 23. Re3 1/2-1/2

[Event "25. Copenhagen Open  (Politiken Cup)"]
[Site "Copenhagen"]
[Date "2003.07.19"]
[Round "6"]
[White "Pedersen, Kenneth"]
[Black "Henrichsen, Jens"]
[Result "1/2-1/2"]
[WhiteElo "1728"]
[BlackElo "2076"]
[PlyCount "40"]
[EventDate "2003.07.14"]
[EventType "swiss"]
[EventRounds "11"]
[EventCountry "DEN"]
[SourceDate "2004.01.01"]

1. d4 Nf6 2. c4 e6 3. g3 d5 4. cxd5 exd5 5. Bg2 Be7 6. Nc3 O-O 7. Nf3 c6 8. O-O
Nbd7 9. Bg5 Re8 10. Qc2 Ne4 11. Bxe7 Qxe7 12. e3 Ndf6 13. Ne5 Bf5 14. Qe2 Nxc3
15. bxc3 Ne4 16. Rac1 f6 17. Nd3 Qa3 18. Qb2 Qe7 19. Qe2 Qa3 20. Qb2 Qe7
1/2-1/2

[Event "25. Copenhagen Open  (Politiken Cup)"]
[Site "Copenhagen"]
[Date "2003.07.19"]
[Round "6"]
[White "Pedersen, Rune Linnebo"]
[Black "Korolev, Nikolaj"]
[Result "0-1"]
[WhiteElo "1800"]
[BlackElo "2117"]
[PlyCount "38"]
[EventDate "2003.07.14"]
[EventType "swiss"]
[EventRounds "11"]
[EventCountry "DEN"]
[SourceDate "2004.01.01"]

1. Nf3 c5 2. e3 d5 3. b3 Nf6 4. Bb2 Bg4 5. h3 Bf5 6. Ne5 Nfd7 7. Nxf7 Kxf7 8.
Qf3 Ke6 9. c4 Nb6 10. Nc3 dxc4 11. bxc4 Nc6 12. e4 Bg6 13. Qg4+ Kf7 14. h4 h5
15. Qf4+ Kg8 16. Qg5 Rh6 17. Qxc5 e6 18. Qe3 Qd4 19. Qh3 Bxe4 0-1

[Event "25. Copenhagen Open  (Politiken Cup)"]
[Site "Copenhagen"]
[Date "2003.07.19"]
[Round "6"]
[White "Pedersen, Thomas"]
[Black "Hansen, Anders"]
[Result "0-1"]
[WhiteElo "1671"]
[BlackElo "2044"]
[PlyCount "70"]
[EventDate "2003.07.14"]
[EventType "swiss"]
[EventRounds "11"]
[EventCountry "DEN"]
[SourceDate "2004.01.01"]

1. e4 c6 2. Nc3 d5 3. Nf3 Bg4 4. h3 Bxf3 5. Qxf3 dxe4 6. Nxe4 e6 7. b4 Qc7 8.
Bb2 Nd7 9. b5 Ngf6 10. bxc6 bxc6 11. Bc4 Be7 12. O-O Rb8 13. Rab1 O-O 14. Rfe1
Nxe4 15. Qxe4 Bf6 16. Ba3 Rxb1 17. Rxb1 Rd8 18. Rb3 Ne5 19. Bd3 Ng6 20. Bc5 Qa5
21. Bb4 Qxa2 22. g3 Qa1+ 23. Kg2 a5 24. Bc5 Qc1 25. h4 h5 26. Qe3 Ne5 27. Bb6
Nxd3 28. cxd3 Ra8 29. Qe4 a4 30. Rb4 a3 31. Rc4 Qb2 32. Qxc6 Rb8 33. Ba7 Rb7
34. Rc2 Rxa7 35. Qe4 Qxc2 0-1

[Event "25. Copenhagen Open  (Politiken Cup)"]
[Site "Copenhagen"]
[Date "2003.07.19"]
[Round "6"]
[White "Petersen, Lars"]
[Black "Salomonsen, Rune"]
[Result "0-1"]
[WhiteElo "2047"]
[BlackElo "1691"]
[PlyCount "52"]
[EventDate "2003.07.14"]
[EventType "swiss"]
[EventRounds "11"]
[EventCountry "DEN"]
[SourceDate "2004.01.01"]

1. d4 Nf6 2. Nf3 g6 3. Bf4 Bg7 4. e3 O-O 5. Bd3 d6 6. h3 Nc6 7. Bh2 Nd7 8. c3
e5 9. Nbd2 f5 10. Bc4+ Kh8 11. Qc2 Qe7 12. O-O-O a6 13. Nb3 b5 14. Bd5 Bb7 15.
Bxc6 Bxc6 16. d5 Bb7 17. Na5 Rab8 18. Nxb7 Rxb7 19. Nd2 a5 20. e4 b4 21. c4 a4
22. b3 Nc5 23. f3 axb3 24. axb3 Ra7 25. Kb2 Qg5 26. g3 Qe3 0-1